| 000 | 00599nam a2200193 i 4500 | ||
|---|---|---|---|
| 001 | 88581 | ||
| 003 | ES-MaACL | ||
| 007 | t| | ||
| 008 | 050105s1953 sp ||||1| spa d | ||
| 100 | 1 |
_aLanducci, Pier Carlo. _969984 |
|
| 245 | 1 | 0 |
_a¿Existe Dios? / _cPier Carlo Landucci ; traducción de M.V. Monsegú. |
| 260 |
_aMadrid : _bAtenas, _c[1953] ( _fHalar) |
||
| 300 |
_a343 p. ; _c22 cm. |
||
| 490 | 1 | _aRazonemos nuestra fé. Serie II | |
| 700 | 1 |
_aMonsegú, M. V. _982292 |
|
| 830 | 0 |
_aRazonemos nuestra fé. Serie II _9184062 |
|
| 852 |
_aES-MaACL _jC-5834 _bR.35010 |
||
| 999 |
_c88581 _d88581 |
||